| 000 | 00848nam a2200229 a 4500 | ||
|---|---|---|---|
| 003 | PILC | ||
| 005 | 20160216103324.0 | ||
| 008 | 111013s19uu xx 00 eng d | ||
| 010 | _a2009029707 | ||
| 020 | _a9781433805639 | ||
| 050 |
_aBF 80.7.U6 _b.M39 2010 |
||
| 100 | _aMayo, Joseph A. | ||
| 245 |
_aConstructing undergraduate psychology curricula : _bpromoting authentic learning and assessment in the teaching of psychology / _cJoseph A. Mayo. |
||
| 250 | _a1st edition. | ||
| 260 |
_aWashington, DC : _bAmerican Psychological Association, _c2010. |
||
| 300 |
_aix, 227 pages : _billustrations ; _c27 cm. |
||
| 500 | _aIncludes bibliographical references and index. | ||
| 650 |
_aPsychology _xStudy and teaching (Higher) _zUnited States. |
||
| 650 |
_aPsychology _xStudy and teaching (Higher). |
||
| 942 |
_cBK _2lcc _kFOR |
||
| 999 |
_c24475 _d24475 |
||